000 004390000a22001810004500
003 MACL
005 20150825123934.0
008 150825b xxu||||| |||| 00| 0 eng d
040 _aMACL
_cMACL
041 _aEnglish
082 _a700/SWA
100 _aSwarup, Shanti
_97267
245 _aMughal Art
_bA Study In Handicrafts
260 _aDelhi
_bAgam Kala Prakasan
_c1996
350 _a900
650 _aArts
_97268
942 _cBK
_k700
_2ddc
999 _c1514
_d1514